|
|
|
|
| LEADER |
00000cam a2200000 a 4500 |
| 001 |
vtls010116338 |
| 003 |
SK-MaSNL |
| 005 |
20260301171400.0 |
| 008 |
180731s2009 xo f 100 0dslo |
| 015 |
|
|
|a SNBA2010/09-05157
|
| 020 |
|
|
|a 9788089232451
|q (brož.)
|
| 035 |
|
|
|a FE0DAAF3-98C8-4679-A3F9-C53C6973F8D9
|
| 035 |
|
|
|a urn:nbn:sk:snk-amk059
|
| 035 |
|
|
|a urn:nbn:sk:snk-am0087qy
|
| 040 |
|
|
|a SNK
|b slo
|c SNK
|e AACR2
|
| 041 |
0 |
|
|a slo
|a cze
|
| 044 |
|
|
|a xo
|c SK
|
| 072 |
|
7 |
|a 783
|x Cirkevná hudba. Duchovná hudba. Náboženská hudba
|2 konspekt
|
| 072 |
|
7 |
|a 27-9
|x Dejiny kresťanskej cirkvi
|2 konspekt
|
| 080 |
|
|
|a 27-475.5
|2 2001
|
| 080 |
|
|
|a 783.27
|2 2001
|
| 080 |
|
|
|a 27-9"01/07"-284
|2 2001
|
| 080 |
|
|
|a 27-9"01/07"-284-051
|2 2001
|
| 080 |
|
|
|a (062.534)
|2 2001
|
| 080 |
|
|
|a 82-141
|2 2001
|
| 111 |
2 |
|
|a Homílie k žalmom v ranom kresťanstve
|n (3. :
|d 2008 :
|c Košice, Slovensko)
|9 538978
|
| 245 |
1 |
0 |
|a "Homílie k žalmom" v ranom kresťanstve
|b zborník z 3. medzinárodného patristického sympózia
|c [editor: Juraj Pigula]
|
| 250 |
|
|
|a 1. vyd.
|
| 260 |
|
|
|a Košice
|b Vienala
|c 2009
|
| 300 |
|
|
|a 103 s.
|c 21 cm
|
| 504 |
|
|
|a Bibliogr. odkazy
|
| 546 |
|
|
|a Text aj čes.
|
| 650 |
0 |
7 |
|a kázne
|2 SNKPH
|9 1954
|
| 650 |
0 |
7 |
|a Sermons
|2 SNKPHeng
|9 274771
|
| 650 |
0 |
7 |
|a žalmy
|2 SNKPH
|9 1744
|
| 650 |
0 |
7 |
|a patristické texty
|2 SNKPH
|9 85389
|
| 650 |
0 |
7 |
|a Psalms
|2 SNKPHeng
|9 337345
|
| 650 |
0 |
7 |
|a Patristic texts
|2 SNKPHeng
|9 350708
|
| 650 |
0 |
7 |
|a cirkevní otcovia
|2 SNKPH
|9 93818
|
| 650 |
0 |
7 |
|a Church fathers
|2 SNKPHeng
|9 292810
|
| 655 |
|
7 |
|a zborníky konferencií
|2 SNKPH
|9 70153
|
| 655 |
|
7 |
|a Proceedings of conferences
|2 SNKPHeng
|9 265791
|
| 700 |
1 |
|
|a Pigula, Juraj,
|d 1976-
|4 edt
|9 156040
|
| 919 |
|
|
|a 978-80-89232-45-1
|
| 958 |
|
|
|a OND
|
| 958 |
|
|
|a NB
|
| 958 |
|
|
|a NT
|
| 968 |
|
|
|d 2
|
| 999 |
|
|
|c 830653
|d 832583
|
| 952 |
|
|
|a SNK
|b SNK
|y PREZ
|7 0
|p 17A0665619
|o snkSC 141256
|i snk2010/15147
|8 0
|0 0
|1 0
|4 0
|d 2010-07-20
|l 0
|r 2025-07-09 00:00:00
|w 2026-02-24
|
| 952 |
|
|
|a SNK
|b SNK
|y VYP
|7 0
|p 17A0665617
|o snkSC 141256 D1
|i snk2010/15148
|8 0
|0 0
|1 0
|4 0
|d 2010-07-20
|f 1
|l 0
|r 2026-02-24 03:36:40
|w 2026-02-24
|